|
|
|
|
| LEADER |
02487cam a2200637 i 4500 |
| 001 |
nkc20233576352 |
| 003 |
CZ PrNK |
| 005 |
20240205072410.0 |
| 007 |
ta |
| 008 |
231121s2023 xr ach e 000 0dcze d |
| 015 |
|
|
|a cnb003576352
|
| 020 |
|
|
|a 978-80-275-1791-6
|q (vázáno)
|
| 035 |
|
|
|a (OCoLC)1420608163
|
| 040 |
|
|
|a ABB048
|b cze
|d ABA001
|e rda
|
| 043 |
|
|
|a e-xr---
|
| 045 |
|
|
|a x2x7
|
| 072 |
|
7 |
|a 73
|x Sochařství, keramika, porcelán, umělecké zpracování kovů
|2 Konspekt
|9 21
|
| 080 |
|
|
|a 730.071.1-055.2
|2 MRF
|
| 080 |
|
|
|a 730(437.3)
|2 MRF
|
| 080 |
|
|
|a 730.036/.038
|2 MRF
|
| 080 |
|
|
|a (437.3)
|2 MRF
|
| 080 |
|
|
|a (048.8)
|2 MRF
|
| 080 |
|
|
|a (084.11)
|2 MRF
|
| 100 |
1 |
|
|a Pospiszyl, Tomáš,
|d 1967-
|7 jo2004232821
|4 aut
|
| 245 |
1 |
0 |
|a Eva Kmentová /
|c Tomáš Pospiszyl, Zuzana Jakalová
|
| 250 |
|
|
|a První vydání
|
| 264 |
|
1 |
|a Brno :
|b Host,
|c 2023
|
| 300 |
|
|
|a 123 stran :
|b ilustrace (některé barevné), portréty, faksimile ;
|c 24 cm
|
| 336 |
|
|
|a text
|b txt
|2 rdacontent
|
| 336 |
|
|
|a statický obraz
|b sti
|2 rdacontent
|
| 337 |
|
|
|a bez média
|b n
|2 rdamedia
|
| 338 |
|
|
|a svazek
|b nc
|2 rdacarrier
|
| 500 |
|
|
|a Doprovodná publikace ke stejnojmenné výstavě konané 23.8.-19.11.2023 v Domě umění města Brna
|
| 504 |
|
|
|a Obsahuje bibliografické odkazy
|
| 600 |
1 |
7 |
|a Kmentová, Eva,
|d 1928-1980
|7 jn99240000468
|2 czenas
|
| 648 |
|
7 |
|a 20. století
|7 ch460558
|2 czenas
|
| 650 |
0 |
7 |
|a sochařky
|7 ph165785
|z Česko
|y 20. století
|2 czenas
|
| 650 |
0 |
7 |
|a české sochařství
|7 ph128152
|y 20. století
|2 czenas
|
| 650 |
0 |
7 |
|a moderní sochařství
|7 ph122941
|z Česko
|2 czenas
|
| 650 |
0 |
9 |
|a women sculptors
|z Czechia
|y 20th century
|2 eczenas
|
| 650 |
0 |
9 |
|a Czech sculpture
|y 20th century
|2 eczenas
|
| 650 |
0 |
9 |
|a modern sculpture
|z Czechia
|2 eczenas
|
| 655 |
|
7 |
|a monografie
|7 fd132842
|2 czenas
|
| 655 |
|
7 |
|a obrazové publikace
|7 fd132947
|2 czenas
|
| 655 |
|
9 |
|a monographs
|2 eczenas
|
| 655 |
|
9 |
|a pictorial works
|2 eczenas
|
| 700 |
1 |
|
|a Jakalová, Zuzana,
|d 1986-
|7 ola20201084307
|4 aut
|
| 700 |
1 |
|
|a Kmentová, Eva,
|d 1928-1980
|7 jn99240000468
|4 art
|4 ill
|
| 710 |
2 |
|
|a Dům umění města Brna
|7 ko2002101743
|4 orm
|
| 910 |
2 |
|
|a BOA001
|b 2-1518.963
|
| 920 |
|
|
|a 1276006
|z CBA001
|
| 990 |
|
|
|a BK
|
| 995 |
|
|
|a 01
|
| 991 |
|
|
|b 202401
|c NOV
|
| 996 |
6 |
|
|b 2610958381
|c 2-1518.963
|l MZK
|r Sklad / do 1 hodiny
|n 3
|p p.v.
|w 001949358
|u 000010
|a 1
|e BOA001
|j MZK50
|s P
|
| 996 |
7 |
|
|b 2610958382
|c 2-1518.963
|l MZK
|r Sklad / do 1 hodiny
|n 4
|p p.v.
|w 001949358
|u 000020
|a 1
|e BOA001
|j MZK50
|s A
|